Los alimentos y sus riesgos
Enregistré dans:
| Collectivités auteurs: | , , |
|---|---|
| Format: | Livre |
| Langue: | espagnol |
| Publié: |
Santiago
Servicio Nacional de Salud
1963
|
| Sujets: | |
| Tags: |
Ajouter un tag
Pas de tags, Soyez le premier à ajouter un tag!
|
MARC
| LEADER | 00000nam a2200000 a 4500 | ||
|---|---|---|---|
| 001 | UCR9204 | ||
| 003 | CL-VaPUC | ||
| 008 | 980613e19630000CL |||||||||||||||||spa|d | ||
| 082 | 0 | 4 | |a 664.07 |b SER |2 21 |
| 110 | 2 | |a Servicio Nacional de Salud |e author |9 411467 | |
| 710 | 2 | |a Sub-Departamento Protección de la Salud. Sección Control de Alimentos |e author |9 411468 | |
| 710 | 2 | |a Sección Educación para la Salud |e author |9 411469 | |
| 245 | 1 | 4 | |a Los alimentos y sus riesgos |
| 300 | |a 57 p | ||
| 942 | |c BK | ||
| 945 | |d 19980613 00:00:00 |a cmena | ||
| 260 | |a Santiago |b Servicio Nacional de Salud |c 1963 | ||
| 650 | 0 | |a Microbiología alimentaria |9 259564 | |
| 650 | 7 | |a HIGIENE DE ALIMENTOS |2 CL-VaPUC |9 259708 | |
| 650 | 0 | |a Intoxicación por alimentos |9 325368 | |
| 650 | 0 | |a Control de calidad |9 259714 | |
| 650 | 0 | |a Calidad de los alimentos |9 361947 | |
| 650 | 7 | |a DETERIORO DE ALIMENTOS |2 CL-VaPUC |9 345886 | |
| 650 | 0 | |a Tecnología sanitaria |9 262722 | |
| 583 | |a last modification |c 19980613 00:00:00 |k Rodrigo Vera | ||
| 999 | |c 270406 |d 270404 | ||
| 952 | |0 0 |1 0 |4 0 |6 664_070000000000000_SER_1963 |7 0 |8 A |9 304689 |a BIBGIM |b BIBGIM |d 2019-11-20 |i 1410695 |o 664.07 SER 1963 |p 1410695 |r 2025-01-15 |w 2019-11-20 |y BK |k SSL | ||
| 952 | |0 0 |1 0 |4 0 |6 664_070000000000000_SER_1963 |7 0 |8 A |9 304690 |a BIBGIM |b BIBGIM |d 2019-11-20 |i 1410709 |o 664.07 SER 1963 |p 1410709 |r 2025-01-15 |w 2019-11-20 |y BK |k SSL | ||